000 00416nam a2200181Ia 4500
001 1828
005 20260306143757.0
008 260306t2014||||xx |||||||||||||| ||spa||
041 _aESP
082 _a155.67
_bC27
100 _aCaprara, Mariagiovanna
_eAUT
245 0 _aPsicogerontología
260 _c2014
300 _a333 páginas :
_c24 cm.
650 _aGEN
654 _aCPS
942 _cLIB
_dJUS
_fJUS
_2ddc
_n
999 _c1828
_d1828